000 00628cam a22002293a 4500
001 31223
003 PGUSA
005 20140828083657.0
008 100208s2010||||xxu|||||s|||||000 1 eng d
040 _aPGUSA
_beng
042 _adc
050 4 _aPS
100 1 _aNourse, Alan Edward,
_d1928-1992
245 1 0 _aInfinite Intruder
_h[electronic resource] /
_cAlan Edward Nourse
260 _bProject Gutenberg,
_c2010
506 _aPublic domain in the USA.
516 _aElectronic text
653 _aScience fiction
830 0 _aProject Gutenberg
_v31223
856 4 0 _uhttp://www.gutenberg.org/ebooks/31223
942 _cEB
999 _c260478
_d260478